000 00302nam a2200109 a 4500
005 20140414132112.0
008 110805s19uu xx 00 eng d
050 _aREF 899.211
_bM59 2006
245 _aQuestions Answer :
_bThe miles kelly book.
260 _aChina :
_bMiles Kelly,
_c2006.
999 _c114800
_d114800